Vybrané problémy manažmentu vo vybranom malom začínajúcom podniku diplomová práca

Salvato in:
Dettagli Bibliografici
Autore principale: Škultétyová, Katarína
Ente Autore: Fakulta podnikového manažmentu EU. Katedra manažmentu
Altri autori: Mišúnová Hudáková, Ivana, 1976-
Natura: Libro
Lingua:slovacco
Pubblicazione: Bratislava 2021
Tags: Aggiungi Tag
Nessun Tag, puoi essere il primo ad aggiungerne!!

MARC

LEADER 00000nbm a2200000 4500
001 0275626
005 20211125105315.9
041 0 |a slo 
044 |a SK 
245 1 0 |a Vybrané problémy manažmentu vo vybranom malom začínajúcom podniku  |b diplomová práca  |c Katarína Škultétyová ; školiteľ: Ivana Mišúnová Hudáková 
264 1 |a Bratislava  |c 2021 
300 |a 72 s. 
100 1 |a Škultétyová, Katarína 
700 1 |a Mišúnová Hudáková, Ivana, 1976- 
710 2 |a Fakulta podnikového manažmentu EU. Katedra manažmentu